| 000 | 00704nam a2200229Ia 4500 | ||
|---|---|---|---|
| 003 | GCL | ||
| 008 | 140319s9999 xx 000 0 ara d | ||
| 040 |
_aGCL / _cGCL |
||
| 082 | 0 | 4 |
_a658.02 _bت ا |
| 100 | 1 | _aتوماس جى بيترس | |
| 245 | 1 | 0 |
_aالتشوق الى التفوق / _cتوماس جى بيترس |
| 700 | 1 | _aروبرت اتشن واترمن جونيور | |
| 260 |
_a[S.N] : _bمركز الاعلام الاقتصادى ، _c1991 |
||
| 300 | _a329 ص | ||
| 490 | _a | ||
| 650 | 0 | 4 | _aالاقتصاد |
| 650 | 0 | 4 | _aادارة الاعمال |
| 650 | 0 | 4 | _aالادارة |
| 650 | 0 | 4 | _aادارة الاعلانات |
| 650 | 0 | 4 | _aادارة الانتاج |
| 942 |
_2ddc _cBK |
||
| 999 |
_c55059 _d55059 |
||